[Event "Dobczyce Dominik Memorial 21st"]
[Site "Dobczyce"]
[Date "2013.07.14"]
[Round "4"]
[White "Watorek, Marcin"]
[Black "Bik, Maciej"]
[Result "1-0"]
[WhiteElo "2122"]
[BlackElo "1789"]
[PlyCount "83"]
[EventDate "2013.07.13"]
[EventType "swiss"]
[EventRounds "9"]
[EventCountry "POL"]
[SourceTitle "EXT 2014"]
[Source "ChessBase"]
[SourceDate "2013.11.20"]
[SourceVersion "1"]
[SourceVersionDate "2013.11.20"]
[SourceQuality "1"]

1. d4 d5 2. c4 e6 3. Nc3 c5 4. cxd5 exd5 5. Nf3 Nc6 6. g3 Be6 7. Bg2 Nf6 8. 0-0 Be7 9. dxc5 Bxc5 10. Bg5 Be7 11. Nd4 Qd7 12. Nxe6 fxe6 13. Bh3 h6 14. Bxf6 Bxf6 15. e4 Bxc3 16. bxc3 0-0 17. exd5 Qxd5 18. Qxd5 exd5 19. Be6+ Kh8 20. Bxd5 Rac8 21. Rfe1 Rfd8 22. Be6 Rc7 23. Rad1 Rxd1 24. Rxd1 Re7 25. Bc8 Rc7 26. Bf5 g5 27. Rd6 Ne5 28. Rxh6+ Kg8 29. Re6 Nf3+ 30. Kg2 Rxc3 31. Bg4 Nd4 32. Rg6+ Kf8 33. Rxg5 Ra3 34. Rd5 Nc6 35. Rd2 b6 36. Be6 Nb4 37. f4 Rd3 38. Rxd3 Nxd3 39. f5 b5 40. Kf3 b4 41. Ke3 Nc5 42. Kd4 1-0